An tuil : (Record no. 107)
[ view plain ]
| 000 -LEADER | |
|---|---|
| fixed length control field | 00724cam a2200229 a 4500 |
| 001 - CONTROL NUMBER | |
| control field | 2893365 |
| 003 - CONTROL NUMBER IDENTIFIER | |
| control field | csc |
| 005 - DATE AND TIME OF LATEST TRANSACTION | |
| control field | 20200421093819.0 |
| 008 - FIXED-LENGTH DATA ELEMENTS--GENERAL INFORMATION | |
| fixed length control field | 000405s1999 stk b 001 0 eng d |
| 020 ## - INTERNATIONAL STANDARD BOOK NUMBER | |
| International Standard Book Number | 0748662197 |
| 040 ## - CATALOGING SOURCE | |
| Transcribing agency | csc |
| 041 0# - LANGUAGE CODE | |
| Language code of text/sound track or separate title | enggae |
| 245 03 - TITLE STATEMENT | |
| Title | An tuil : |
| Remainder of title | anthology of 20th century Scottish Gaelic verse / |
| Statement of responsibility, etc. | edited by Ronald I.M. Black. |
| 246 30 - VARYING FORM OF TITLE | |
| Title proper/short title | Anthology of 20th century Scottish Gaelic verse |
| 246 15 - VARYING FORM OF TITLE | |
| Title proper/short title | Tuil : |
| Remainder of title | duanaire GĂ idhlig an 20mh ceud |
| 260 ## - PUBLICATION, DISTRIBUTION, ETC. | |
| Place of publication, distribution, etc. | Edinburgh : |
| Name of publisher, distributor, etc. | Polygon, |
| Date of publication, distribution, etc. | 1999. |
| 300 ## - PHYSICAL DESCRIPTION | |
| Extent | lxx, 825 p. ; |
| Dimensions | 24 cm. |
| 500 ## - GENERAL NOTE | |
| General note | Parallel text in English and Gaelic. |
| 504 ## - BIBLIOGRAPHY, ETC. NOTE | |
| Bibliography, etc. note | Includes bibliographical references and index. |
| 700 1# - ADDED ENTRY--PERSONAL NAME | |
| Personal name | Black, Ronald |
| 9 (RLIN) | 124 |
| 942 ## - ADDED ENTRY ELEMENTS (KOHA) | |
| Source of classification or shelving scheme | Dewey Decimal Classification |
| Koha item type | Books |
| Withdrawn status | Lost status | Damaged status | Not for loan | Collection | Home library | Current library | Shelving location | Date acquired | Barcode | Date last seen | Price effective from | Koha item type |
|---|---|---|---|---|---|---|---|---|---|---|---|---|
| Reference | Fairview | Fairview | General stacks | 09/04/2014 | 39999000004373 | 09/04/2014 | 09/04/2014 | Books | ||||
| Reference | Midway | Midway | General stacks | 09/04/2014 | 39999000004359 | 09/04/2014 | 09/04/2014 | Books | ||||
| Reference | Midway | Midway | General stacks | 09/04/2014 | 39999000004397 | 09/04/2014 | 09/04/2014 | Books |